ბათუმის შოთა რუსთაველის სახელმწიფო უნივერსიტეტის ბიბლიოთეკა

რიჩარდ ნიქსონისა და ჯერალდ ფორდის რესპუბლიკური ადმინისტრაციების პოლიტიკა ირანის მიმართ. (ბიბ.ჩანაწერი № 52196)

000 -ლიდერი
ფიქსირებული სიგრძის საკონტროლო ველი 01473nam a2200241Ia 4500
001 - საკონტროლო ნომერი
საკონტროლო ველი 19204
003 - საკონტროლო ნომრის იდენტიფიკატორი
საკონტროლო ველი GE_BSU
005 - ბოლო ოპერაციის თარიღი და დრო
საკონტროლო ველი 20210311154341.0
008 - ფიქსირებული სიგრძის მონაცემთა ელემენტები - ზოგადი ინფორმაცია
ფიქსირებული სიგრძის საკონტროლო ველი 181216s2013||||ge |||||||||||||| ||geo||
040 ## - კატალოგიზაციის წყარო
Transcribing agency GE_BSU
041 ## - ენის კოდი
Language code of text/sound track or separate title geo
080 ## - უნივერსალური ათობითი კლასიფიკაციის ინდექსი
Universal Decimal Classification number 94 ბ-24
082 ## - დუის ათობითი კლასიფიკაციის ინდექსი
Classification number
100 ## - მთავარი ჩანაწერი - პიროვნების სახელი
Personal name ბაჟუნაიშვილი, ლაშა
9 (RLIN) 6081
245 ## - ცნობა სათაურის შესახებ
Title რიჩარდ ნიქსონისა და ჯერალდ ფორდის რესპუბლიკური ადმინისტრაციების პოლიტიკა ირანის მიმართ.
Statement of responsibility, etc ლაშა ბაჟუნაიშვილი; მეცნ. ხელმძღვ. ი. გორგილაძე; ბათუმის შოთა რუსთაველის სახ-ფო უნ-ტი.
264 ## - წარმოების, გამოცემის, დისტრიბუციის და სხვა ცნობები
გამოცემის, წარმოების, დისტრიბუციის... ადგილი ბათუმი :
გამოცემის, წარმოების, დისტრიბუციის... სახელწოდება ბათუმის შოთა რუსთაველის სახ. უნ-ტი,
გამოცემის, წარმოების, დისტრიბუციის... თარიღი 2013.
300 ## - ფიზიკური აღწერა
Extent 186 გვ.,
Other physical details 30 სმ.
653 ## - INDEX TERM--UNCONTROLLED
Uncontrolled term დისერტაცია
653 ## - INDEX TERM--UNCONTROLLED
Uncontrolled term ისტორია
653 ## - INDEX TERM--UNCONTROLLED
Uncontrolled term რიჩარდ ნიქსონისა და ჯერალდ ფორდის რესპუბლიკური ადმინისტრაციების პოლიტიკა ირანის მიმართ.
700 ## - ADDED ENTRY--PERSONAL NAME
Personal name გორგილაძე, ი.
Relator term მეცნ. ხელმძღვვანელი
9 (RLIN) 10421
942 ## - ADDED ENTRY ELEMENTS (KOHA)
Koha item type წიგნი
Source of classification or shelving scheme
ეგზემპლარები
ჩამოწერის სტატუსი დაკარგული ეგზემპლარის სტატუსი კლასიფიკაციის წყარო ან თაროზე გაწყობის სქემა დაზიანების სტატუსი არ გაიცემა მუდმივი მდებარეობა (დაცვის ადგილი) ამჟამინდელი ადგილსამყოფელი თაროზე განთავსების ადგილი შეძენის თარიღი სრული შენახვის შიფრი შტრიხკოდი ბოლო ოპერაციის თარიღი ეგზემპლარის მიმდევრობითი ნომერი (კეტერი?) ფასის ძალაში შესვლის თარიღი ეგზემპლარის სახეობა საჯარო შენიშვნა
          ბათუმის შოთა რუსთაველის სახელმწიფო უნივერსიტეტის მთავარი ბიბლიოთეკა ბათუმის შოთა რუსთაველის სახელმწიფო უნივერსიტეტის მთავარი ბიბლიოთეკა წიგნსაცავი 2018-12-17 94 ბ-24 170 დისერტ. 2018-12-17 170 2018-12-17 დისერტაცია